|
|
|
|
| LEADER |
01126cam a2200301 a 4500 |
| 001 |
c000271261 |
| 003 |
CARM |
| 005 |
20070907125522.0 |
| 008 |
900704s1990 enk b 001 0 eng |
| 010 |
|
|
|a 92140843
|
| 019 |
1 |
|
|a 26708529
|z 7489322
|5 LACONCORD2021
|
| 020 |
|
|
|a 0713451378 :
|c £10.99
|
| 020 |
|
|
|a 0713451386 (cover) :
|c £10.99
|
| 035 |
|
|
|a (OCoLC)27188193
|5 LACONCORD2021
|
| 040 |
|
|
|a LC
|b eng
|c LC
|
| 043 |
|
|
|a e-uk---
|
| 050 |
0 |
0 |
|a HT133
|b .P66 1990
|
| 082 |
0 |
0 |
|a 307.76/0941
|2 20
|
| 100 |
1 |
|
|a Porter, S.
|q (Stephen)
|
| 245 |
1 |
0 |
|a Exploring urban history :
|b sources for local historians /
|c Stephen Porter.
|
| 260 |
|
|
|a London :
|b B.T. Batsford,
|c 1990.
|
| 300 |
|
|
|a 160 p. ;
|c 23 cm.
|
| 440 |
|
0 |
|a Batsford local history series
|
| 504 |
|
|
|a Includes bibliographical references (p. 152-153) and index.
|
| 650 |
|
0 |
|a Cities and towns
|z Great Britain
|x History
|v Sources.
|
| 852 |
8 |
|
|b CARM
|h A1:AN27F0
|i B08874
|p 0383071
|f BK
|
| 999 |
f |
f |
|i 2d642fb0-8a49-5576-a6c8-65ede8181d9b
|s 9bedbbc9-bd67-5273-b0ed-0cc1ec707c0e
|
| 952 |
f |
f |
|p Can circulate
|a CAVAL
|b CAVAL
|c CAVAL
|d CARM 1 Store
|e B08874
|f A1:AN27F0
|h Other scheme
|i book
|m 0383071
|